<?xml version="1.0" encoding="UTF-8"?>
<record
    xmlns:xsi="http://www.w3.org/2001/XMLSchema-instance"
    xsi:schemaLocation="http://www.loc.gov/MARC21/slim http://www.loc.gov/standards/marcxml/schema/MARC21slim.xsd"
    xmlns="http://www.loc.gov/MARC21/slim">

  <leader>01138naa a22003017i 4500</leader>
  <controlfield tag="001">232506</controlfield>
  <controlfield tag="003">ES-MaBCM</controlfield>
  <controlfield tag="005">20260325062559.0</controlfield>
  <controlfield tag="008">260226s2025    sp ||||| |||| 00| 0 spa d</controlfield>
  <datafield tag="040" ind1=" " ind2=" ">
    <subfield code="c">ES-MaBCM</subfield>
  </datafield>
  <datafield tag="245" ind1="0" ind2="0">
    <subfield code="a">Pactos 3 : </subfield>
    <subfield code="b">pactos internacionales : grandes acuerdos internacionales (relevantes para Espa&#xF1;a)</subfield>
  </datafield>
  <datafield tag="500" ind1=" " ind2=" ">
    <subfield code="a">N&#xFA;mero monogr&#xE1;fico</subfield>
  </datafield>
  <datafield tag="610" ind1="2" ind2="7">
    <subfield code="a">Uni&#xF3;n Europea</subfield>
    <subfield code="9">52895</subfield>
  </datafield>
  <datafield tag="610" ind1="2" ind2="0">
    <subfield code="a">ONU</subfield>
    <subfield code="9">116848</subfield>
  </datafield>
  <datafield tag="650" ind1=" " ind2="7">
    <subfield code="a">Nuevo orden econ&#xF3;mico</subfield>
    <subfield code="9">59561</subfield>
  </datafield>
  <datafield tag="650" ind1=" " ind2="7">
    <subfield code="a">Relaci&#xF3;n diplom&#xE1;tica</subfield>
    <subfield code="9">60069</subfield>
  </datafield>
  <datafield tag="650" ind1=" " ind2="7">
    <subfield code="a">Relaci&#xF3;n internacional</subfield>
    <subfield code="9">60079</subfield>
  </datafield>
  <datafield tag="650" ind1=" " ind2="7">
    <subfield code="a">Relaciones de la Uni&#xF3;n Europea</subfield>
    <subfield code="9">60072</subfield>
  </datafield>
  <datafield tag="650" ind1=" " ind2="0">
    <subfield code="a">Gobernanza</subfield>
    <subfield code="9">119021</subfield>
  </datafield>
  <datafield tag="650" ind1=" " ind2="7">
    <subfield code="a">Regi&#xF3;n fronteriza</subfield>
    <subfield code="9">60056</subfield>
  </datafield>
  <datafield tag="650" ind1=" " ind2="7">
    <subfield code="a">Nacionalismo</subfield>
    <subfield code="9">59527</subfield>
  </datafield>
  <datafield tag="650" ind1=" " ind2="7">
    <subfield code="a">Conservadurismo</subfield>
    <subfield code="9">58075</subfield>
  </datafield>
  <datafield tag="650" ind1=" " ind2="7">
    <subfield code="a">Movimiento europeo</subfield>
    <subfield code="9">59489</subfield>
  </datafield>
  <datafield tag="650" ind1=" " ind2="7">
    <subfield code="a">Organizaci&#xF3;n internacional</subfield>
    <subfield code="9">59618</subfield>
  </datafield>
  <datafield tag="773" ind1="0" ind2=" ">
    <subfield code="d">Madrid</subfield>
    <subfield code="g">N. 195 (nov. 2025), p. 4-10; [95]-145 - Loc. S.425</subfield>
    <subfield code="t">Nueva revista de pol&#xED;tica, cultura y arte</subfield>
    <subfield code="w">105297</subfield>
  </datafield>
  <datafield tag="856" ind1=" " ind2=" ">
    <subfield code="u">https://mpr.koha.es/cgi-bin/koha/opac-retrieve-file.pl?id=cb0f66dc6fd7706e4adf5483f478dd8e</subfield>
    <subfield code="y">Acceso al sumario</subfield>
  </datafield>
  <datafield tag="942" ind1=" " ind2=" ">
    <subfield code="2">udc</subfield>
    <subfield code="c">AREV</subfield>
  </datafield>
  <datafield tag="999" ind1=" " ind2=" ">
    <subfield code="c">232506</subfield>
    <subfield code="d">232506</subfield>
  </datafield>
  <datafield tag="952" ind1=" " ind2=" ">
    <subfield code="0">0</subfield>
    <subfield code="1">0</subfield>
    <subfield code="2">udc</subfield>
    <subfield code="4">0</subfield>
    <subfield code="7">0</subfield>
    <subfield code="a">BC</subfield>
    <subfield code="b">BC</subfield>
    <subfield code="c">SALA</subfield>
    <subfield code="d">2026-02-26</subfield>
    <subfield code="l">0</subfield>
    <subfield code="r">2026-02-26 11:40:02</subfield>
    <subfield code="w">2026-02-26</subfield>
    <subfield code="y">AREV</subfield>
  </datafield>
</record>
